The other policy : (Record no. 103601)

MARC details
000 -LEADER
campo de control de longitud fija 00814nam a2200181 4500
001 - NÚMERO DE CONTROL
campo de control 1293
005 - FECHA Y HORA DE LA ÚLTIMA TRANSACCIÓN
campo de control 20230410143537.0
008 - DATOS DE LONGITUD FIJA--INFORMACIÓN GENERAL
campo de control de longitud fija 060907n1990 dr spa
035 ## - NÚMERO DE CONTROL DEL SISTEMA
-- funglode1299
041 ## - CÓDIGO DE IDIOMA
Código de lengua del texto/banda sonora o título independiente EN
050 14 - SIGNATURA TOPOGRÁFICA DE LA BIBLIOTECA DEL CONGRESO
Número de clasificación T 49.5 O87 1990
245 04 - MENCIÓN DEL TÍTULO
Título The other policy :
Resto del título The influence of policies of technology choice and small enterprise development /
Mención de responsabilidad, etc. Editors Frances Stewart, Henk Thomas and Tom de Wilde
260 ## - PUBLICACIÓN, DISTRIBUCIÓN, ETC.
Lugar de publicación, distribución, etc. Washington :
Nombre del editor, distribuidor, etc. IT Publications in Association with Appropriate Technology International,
Fecha de publicación, distribución, etc. 1990
300 ## - DESCRIPCIÓN FÍSICA
Extensión xxiv, 486 p.
520 ## - RESUMEN, ETC.
Sumario, etc. Policy approaches, 3. -- Polices and places, 109. -- Polices and rural industrialization, 279. -- Policy experience and policy problems, 419
700 ## - ENTRADA AGREGADA--NOMBRE PERSONAL
Nombre de persona Estewart, Frances, ed. \ Thomas, Henk, ed. \ Wilde, Ton de, ed
942 ## - ELEMENTOS DE ENTRADA SECUNDARIOS (KOHA)
Fuente del sistema de clasificación o colocación Clasificación de Library of Congress
Tipo de ítem Koha
Holdings
Estatus retirado Estado de pérdida Fuente del sistema de clasificación o colocación Estado de daño No para préstamo Colección Biblioteca de origen Biblioteca actual Ubicación en estantería Fecha de adquisición Signatura topográfica completa Código de barras Visto por última vez Copia número Tipo de ítem Koha
    Clasificación de Library of Congress     Colección de Tecnología Biblioteca Juan Bosch Biblioteca Juan Bosch Humanidades (4to. Piso) 21/01/2019 T 49.5 O87 1990 00000009280 21/01/2019 1